Juvenile desistance and community disadvantage: the role of appropriate accommodations and engagements

Saved in:  
Bibliographic Details
Main Author: Stansfield, Richard (Author)
Format: Print Article
Language:English
Published: 2016
In: Justice quarterly
Year: 2016, Volume: 33, Issue: 4, Pages: 708-728
Check availability: HBZ Gateway
Keywords:

MARC

LEADER 00000naa a2200000 c 4500
001 1636562949
003 DE-627
005 20170215162147.0
007 tu
008 170215s2016 xx ||||| 00| ||eng c
035 |a (DE-627)1636562949 
035 |a (DE-576)483497827 
035 |a (DE-599)BSZ483497827 
040 |a DE-627  |b ger  |c DE-627  |e rda 
041 |a eng 
100 1 |a Stansfield, Richard  |e VerfasserIn  |0 (DE-588)1129369870  |0 (DE-627)883932350  |0 (DE-576)48349738X  |4 aut 
109 |a Stansfield, Richard 
245 1 0 |a Juvenile desistance and community disadvantage  |b the role of appropriate accommodations and engagements  |c Richard Stansfield 
264 1 |c 2016 
336 |a Text  |b txt  |2 rdacontent 
337 |a ohne Hilfsmittel zu benutzen  |b n  |2 rdamedia 
338 |a Band  |b nc  |2 rdacarrier 
773 0 8 |i Enthalten in  |t Justice quarterly  |d Abingdon, Oxfordshire : Routledge, 1984  |g 33(2016), 4, Seite 708-728  |w (DE-627)166984612  |w (DE-600)356637-7  |w (DE-576)015443914  |x 0741-8825  |7 nnas 
773 1 8 |g volume:33  |g year:2016  |g number:4  |g pages:708-728 
951 |a AR 
ELC |b 1 
LOK |0 000 xxxxxcx a22 zn 4500 
LOK |0 001 329406005X 
LOK |0 003 DE-627 
LOK |0 004 1636562949 
LOK |0 005 20250401112029 
LOK |0 008 170215||||||||||||||||ger||||||| 
LOK |0 040   |a DE-21-110  |c DE-627  |d DE-21-110 
LOK |0 689   |a s  |a Youth 
LOK |0 689   |a s  |a Structural disadvantage 
LOK |0 689   |a s  |a Reoffending 
LOK |0 852   |a DE-21-110 
LOK |0 852 1  |m p  |9 00 
LOK |0 935   |a krub 
LOK |0 938   |k p 
LOK |0 939   |a 15-02-17  |b l01 
ORI |a SA-MARC-krimdoka001.raw